The GIS Book: how to implement, manage, and assess the value of geographic information systems (Record no. 7226)

MARC details
000 -LEADER
fixed length control field 00720nam a2200217 a 4500
003 - CONTROL NUMBER IDENTIFIER
control field PK-NaQUE
005 - DATE AND TIME OF LATEST TRANSACTION
control field 20251218113426.0
008 - FIXED-LENGTH DATA ELEMENTS--GENERAL INFORMATION
fixed length control field 251218b ||||| |||| 00| 0 eng d
020 ## - INTERNATIONAL STANDARD BOOK NUMBER
International Standard Book Number 0766828204
020 ## - INTERNATIONAL STANDARD BOOK NUMBER
International Standard Book Number 978-1566901277
040 ## - CATALOGING SOURCE
Transcribing agency QUEST
082 ## - DEWEY DECIMAL CLASSIFICATION NUMBER
Classification number 910/.285
Item number KOR
100 1# - MAIN ENTRY--PERSONAL NAME
Personal name Korte, George B.
245 14 - TITLE STATEMENT
Title The GIS Book: how to implement, manage, and assess the value of geographic information systems
250 ## - EDITION STATEMENT
Edition statement 5th ed.
260 ## - PUBLICATION, DISTRIBUTION, ETC. (IMPRINT)
Place of publication, distribution, etc [S.l.] :
Name of publisher, distributor, etc Onword Press,
Date of publication, distribution, etc 2001.
300 ## - PHYSICAL DESCRIPTION
Extent 378p 1 v. 856 40
650 ## - SUBJECT ADDED ENTRY--TOPICAL TERM
Topical term or geographic name as entry element Geographic information systems.
856 ## - ELECTRONIC LOCATION AND ACCESS
Uniform Resource Identifier <a href="http://10.10.170.122:8080/browse/book/29188">http://10.10.170.122:8080/browse/book/29188</a>
Link text Download eBook
942 ## - ADDED ENTRY ELEMENTS (KOHA)
Koha item type Books
Source of classification or shelving scheme Dewey Decimal Classification
Holdings
Withdrawn status Lost status Damaged status Not for loan Collection code Home library Current library Date acquired Cost, normal purchase price Total Checkouts Full call number Barcode Date last seen Koha item type Price effective from
          Central Library, QUEST, Nawabshah Central Library, QUEST, Nawabshah 19/06/2014 700.00   910.285KOR 33597 19/06/2014 Books 19/06/2014
          Central Library, QUEST, Nawabshah Central Library, QUEST, Nawabshah 19/06/2014 700.00   910.285KOR 33598 19/06/2014 Books 19/06/2014
          Central Library, QUEST, Nawabshah Central Library, QUEST, Nawabshah 19/06/2014 700.00   910.285KOR 33599 19/06/2014 Books 19/06/2014
          Central Library, QUEST, Nawabshah Central Library, QUEST, Nawabshah 19/06/2014 700.00   910.285KOR 33600 19/06/2014 Books 19/06/2014
        Reference Reference Section Reference Section 19/06/2014 700.00   910.285KOR (Shelf - 97A) 33596 19/06/2014 Books